| 000 | 00623 a2200193 4500 | ||
|---|---|---|---|
| 001 | 141496 | ||
| 040 | _cLeonardo Da Vinci | ||
| 041 | _aPortuguês | ||
| 082 |
_a792.981 V671m _bV671m |
||
| 100 | _aVIANNA FILHO, Oduvaldo | ||
| 245 | _aO melhor teatro de Oduvaldo Vianna Filho | ||
| 260 |
_bGlobal _c1984 _aSão Paulo |
||
| 300 | _a168 | ||
| 362 | _a19840000 | ||
| 490 | _aO melhor teatro; 1 | ||
| 500 |
_aYan Michalski (Organização) _aXerocópia de: O melhor do teatro de Oduvaldo Vianna Filho |
||
| 697 |
_aArtes _aTeatro _aLiteratura _aBiografia _aPapa Highirte _aRasga Coração _aMão na Luva _aBrasil |
||
| 942 | _cBK | ||
| 999 |
_c141496 _d141496 |
||